Statistics for Joseph Gordon-Levitt Movies

Click here to take the quiz!

General Stats

  • This quiz has been taken 363 times
    (280 since last reset)
  • The average score is 7 of 35

Answer Stats

YearAnswer% Correct
2010Inception
75%
2012The Dark Knight Rises
71%
2009(500) Days of Summer
70%
2012Looper
61%
199910 Things I Hate About You
59%
201150/50
52%
2005Brick
36%
2012Premium Rush
26%
2004Mysterious Skin
24%
1994Angels in the Outfield
22%
2012Lincoln
20%
2010Hesher
17%
2009G.I. Joe: The Rise of Cobra
15%
2001Manic
15%
2007The Lookout
15%
2002Treasure Planet
12%
1998Halloween H20: 20 Years Later
11%
1992Beethoven
9%
2005Havoc
9%
2008Stop-Loss
9%
2009Uncertainty
9%
2008Killshot
8%
2010Elektra Luxx
7%
1992A River Runs Through It
6%
2003Latter Days
6%
1996The Juror
6%
2008Miracle at St. Anna
5%
2008The Brothers Bloom
5%
2009Women in Trouble
5%
2000Forever Lulu
4%
1994Holy Matrimony
4%
2000Picking Up the Pieces
4%
2005Shadowboxer
4%
1998Sweet Jane
4%
1994The Road Killers
2%

Score Distribution

Percentile by Number Answered

Percent of People with Each Score

Your Score History

You have not taken this quiz since the last reset